000 00592cam a22002053a 4500
001 44628
003 PGUSA
005 20140828084023.0
008 140108s2014||||xxu|||||s|||||000 | eng d
040 _aPGUSA
_beng
042 _adc
100 1 _aClarke, James Freeman,
_d1810-1888
245 1 0 _aNineteenth Century Questions
_h[electronic resource] /
_cJames Freeman Clarke
260 _bProject Gutenberg,
_c2014
506 _aPublic domain in the USA.
516 _aElectronic text
830 0 _aProject Gutenberg
_v44628
856 4 0 _uhttp://www.gutenberg.org/ebooks/44628
942 _cEB
999 _c273879
_d273879